Who's for dinner? (Record no. 73694)

MARC details
000 -LEADER
fixed length control field 01271cam a2200253 4500
001 - CONTROL NUMBER
control field ABS67125
008 - FIXED-LENGTH DATA ELEMENTS--GENERAL INFORMATION
fixed length control field 031029n2003 000 0 eng u
035 ## - SYSTEM CONTROL NUMBER
System control number (Sirsi) u124158
100 ## - MAIN ENTRY--PERSONAL NAME
Personal name Leftly, M.
245 ## - TITLE STATEMENT
Title Who's for dinner?
260 ## - PUBLICATION, DISTRIBUTION, ETC.
Date of publication, distribution, etc. 2003
490 ## - SERIES STATEMENT
Series statement Building
Volume/sequential designation 268(8304) 17 October 2003, 26-28(3)
520 ## - SUMMARY, ETC.
Summary, etc. Examines the recent trend for takeovers in construction firms. Considers that house builders are finding the need to buy up their rivals such as Taylor Woodrow taking over rival Wilson Connolly for £480m. The advantages of this for the companies are obvious with the scope for greater influence with bankers and suppliers and lower unit costs. Smaller companies are now seeing the benefits of being taken over like the £91m Mouchel-Parkman merger where both sides realised the mutual benefits. Also notes that public sector work has been vital for contractors particularly work connected with the PFI. With details of recent corporate takeovers.
590 ## - LOCAL NOTE (RLIN)
Local note ABS
650 ## - SUBJECT ADDED ENTRY--TOPICAL TERM
Topical term or geographic name entry element HOUSE BUILDING INDUSTRY
650 ## - SUBJECT ADDED ENTRY--TOPICAL TERM
Topical term or geographic name entry element CONSULTANTS
650 ## - SUBJECT ADDED ENTRY--TOPICAL TERM
Topical term or geographic name entry element HOUSE PRICES
650 ## - SUBJECT ADDED ENTRY--TOPICAL TERM
Topical term or geographic name entry element TAYLOR WOODROW
650 ## - SUBJECT ADDED ENTRY--TOPICAL TERM
Topical term or geographic name entry element WILSON CONNOLLY
650 ## - SUBJECT ADDED ENTRY--TOPICAL TERM
Topical term or geographic name entry element PUBLIC SECTOR
650 ## - SUBJECT ADDED ENTRY--TOPICAL TERM
Topical term or geographic name entry element PFI
690 ## - LOCAL SUBJECT ADDED ENTRY--TOPICAL TERM (OCLC, RLIN)
Topical term or geographic name as entry element BUILDING AND CONSTRUCTION-ECONOMICS
942 ## - ADDED ENTRY ELEMENTS (KOHA)
Suppress in OPAC 0
Holdings
Withdrawn status Lost status Source of classification or shelving scheme Damaged status Not for loan Home library Current library Shelving location Date acquired Total Checkouts Full call number Barcode Date last seen Copy number Price effective from Koha item type
    Dewey Decimal Classification     London London Journal article 29/10/2003   ABS67125 124158-1001 06/08/2019 1 06/08/2019 Journal article